dates démocraties libérales - Statistiques

Statistiques générales
  • Ce quiz a été pris 6 fois
  • Le résultat moyen est 4 sur 19
Statistiques - réponses
Evénements Dates % Correct
traité de Versailles (diktat) 1919
100%
conférence de Gênes pour le rétablissement ordre monétaire mondia 1922
60%
Turquie de Mustapha Kema 1923
60%
guerre civile en Russie 1917-1922
40%
Allemagne dans la SDN 1926
40%
plan Young 1929
40%
indépendance des Dominions 1931
40%
floraison des républiques en Europe 1919-1921
20%
guerre d’Irlande 1916-1921
0%
“prospérité” des “années folles” 1921-1929
0%
évacuation Ruhr par l’armée fr 1924-1925
0%
cartel des Gauches en Fr 1924-1926
0%
plan Briand-Kellog, guerre “hors la loi” pour le membres SDN août 1928
0%
plan Dawes été 1924
0%
New Deal de Roosevelt (programme interventionniste) mars 1933
0%
Anschluss mars 1938
0%
Franco au pouvoir mars 1939
0%
guerre civile en Allemagne octobre 1918-mai 1919
0%
accords de Locarno (frontières allemandes) octobre 1925
0%
Aucun quiz correspondant
Distribution des résultats
% des personnes avec chaque résultat
Percentile par nombre de réponses
Votre historique - résultats
Vous n’avez pas pris ce quiz